{"text_format":"1","workbook":"xlsx","n_sheets":2,"sheets":["Данные","Лист1"],"not_rendered":{"charts":0,"images":0,"macros":1,"external_links":0,"defined_names":4,"comments":0,"pivot_tables":0},"unopened":[],"bounds":{"document_bytes":16777216,"sheet_cells":100000,"rows_first":2000,"rows_last":500,"rows_between":2000,"halvings":0,"cell_chars":16384,"cell_head_chars":4096},"cells_cut":0,"cells_raw":0,"read":"whole","date_system":"1900"}

{"sheet":"Данные","index":0,"n_rows":19,"n_cols":10,"rows_kept":19,"cut":false,"hidden":false,"merged":[[1,0,1,9]]}
[null,null,null,null,null,null,null,null,"Приложение №1"]
["Перечень актуальных и готовых к реализации невостребованных МТР"]
[]
["Наименование лота","Наименование ОГ","№ лота","№ позиции","Наименование неликвидных (НЛ) и невостребованных ликвидных (НВЛ) материалов","Ед. изм","Количество","Мин. цена реализации за ед., руб., без НДС ","Сумма, руб. без НДС","Место нахождения"]
["Смазывающие материалы","ПАО АНК \"Башнефть\" \"Башнефть-Новойл\"",1,1,"Масло Kaeser VDL 150 (20л)","ШТ",1,906.59,{"$f":"G5*H5","v":906.59},"450045, г. Уфа, ПАО АНК \"Башнефть\" \"Башнефть-Новойл\""]
["Смазывающие материалы","ПАО АНК \"Башнефть\" \"Башнефть-Новойл\"",1,2,"Масло RN Compressor VDL 150 (20л)","ШТ",2,886.79,1773.58,"450045, г. Уфа, ПАО АНК \"Башнефть\" \"Башнефть-Новойл\""]
["Смазывающие материалы","ПАО АНК \"Башнефть\" \"Башнефть-Новойл\"",1,3,"Масло ТСп-10","Т",7.8E-2,37800,2948.4,"450045, г. Уфа, ПАО АНК \"Башнефть\" \"Башнефть-Новойл\""]
["Смазывающие материалы","ПАО АНК \"Башнефть\" \"Башнефть-Новойл\"",1,4,"Масло ТСп-10","Т",0.61499999999999999,37800,23247,"450045, г. Уфа, ПАО АНК \"Башнефть\" \"Башнефть-Новойл\""]
["Смазывающие материалы","ПАО АНК \"Башнефть\" \"Башнефть-Новойл\"",1,5,"Смазка Литол-24 (17,5кг)","ШТ",1,462.76,462.76,"450045, г. Уфа, ПАО АНК \"Башнефть\" \"Башнефть-Новойл\""]
["Смазывающие материалы","ПАО АНК \"Башнефть\" \"Башнефть-Новойл\"",1,6,"Смазка Литол-24 (17,5кг)","ШТ",1,462.76,462.76,"450045, г. Уфа, ПАО АНК \"Башнефть\" \"Башнефть-Новойл\""]
["Смазывающие материалы","ПАО АНК \"Башнефть\" \"Башнефть-Новойл\"",1,7,"Смазка Литол-24 (17,5кг)","ШТ",1,462.76,462.76,"450045, г. Уфа, ПАО АНК \"Башнефть\" \"Башнефть-Новойл\""]
["Смазывающие материалы","ПАО АНК \"Башнефть\" \"Башнефть-Новойл\"",1,8,"Смазка Литол-24 (17,5кг)","ШТ",1,462.76,462.76,"450045, г. Уфа, ПАО АНК \"Башнефть\" \"Башнефть-Новойл\""]
["Смазывающие материалы","ПАО АНК \"Башнефть\" \"Башнефть-Новойл\"",1,9,"Смазка Литол-24 (17,5кг)","ШТ",2,462.76,925.52,"450045, г. Уфа, ПАО АНК \"Башнефть\" \"Башнефть-Новойл\""]
["Смазывающие материалы","ПАО АНК \"Башнефть\" \"Башнефть-Новойл\"",1,10,"Смазка Солидол С","Т",6.0000000000000001E-3,9100,54.6,"450045, г. Уфа, ПАО АНК \"Башнефть\" \"Башнефть-Новойл\""]
["Смазывающие материалы","ПАО АНК \"Башнефть\" \"Башнефть-Новойл\"",1,11,"Смазка Солидол С","Т",3.7999999999999999E-2,9100,345.8,"450045, г. Уфа, ПАО АНК \"Башнефть\" \"Башнефть-Новойл\""]
["Смазывающие материалы","ПАО АНК \"Башнефть\" \"Башнефть-Новойл\"",1,12,"Смазка Солидол С","Т",0.08,9100,728,"450045, г. Уфа, ПАО АНК \"Башнефть\" \"Башнефть-Новойл\""]
["Смазывающие материалы","ПАО АНК \"Башнефть\" \"Башнефть-Новойл\"",1,13,"Смазка Солидол С","Т",4.0000000000000001E-3,9100,36.4,"450045, г. Уфа, ПАО АНК \"Башнефть\" \"Башнефть-Новойл\""]
["Смазывающие материалы","ПАО АНК \"Башнефть\" \"Башнефть-Новойл\"",1,14,"Смазка Солидол С","Т",3.2000000000000001E-2,9100,291.2,"450045, г. Уфа, ПАО АНК \"Башнефть\" \"Башнефть-Новойл\""]
["Смазывающие материалы","ПАО АНК \"Башнефть\" \"Башнефть-Новойл\"",1,15,"Х Масло редуктор. Mobil SHC 600 (л)","Л",600,374.57,224742,"450045, г. Уфа, ПАО АНК \"Башнефть\" \"Башнефть-Новойл\""]

{"sheet":"Лист1","index":1,"n_rows":0,"n_cols":0,"rows_kept":0,"cut":false,"hidden":false,"merged":[]}